| 000 | 01260nam a22002777a 4500 | ||
|---|---|---|---|
| 005 | 20101206113148.0 | ||
| 008 | 101206t xxu||||| |||| 00| 0 hin d | ||
| 010 | _aHIN-93296 | ||
| 020 |
_c550.00 _a8188913324 |
||
| 035 | _aHN-65642 | ||
| 037 | _bDBAD/PUB | ||
| 040 |
_aDPL _bHN |
||
| 082 | _aक | ||
| 100 |
_924598 _aदूबे, सावित्री |
||
| 245 |
_aकाहे का ताना काहे की भरनी / _cसावित्री दूबे |
||
| 246 |
_aKahe ka tana, kahe ki bharni _bby Savitri Dube |
||
| 260 |
_aदिल्ली _bग्रंथ सदन _c2011 |
||
| 270 |
_bदिल्ली _a27/109-ए/3, (भूतल), पांडव रोड, शंकर गली के सामने, ज्वाला नगर, शाहदरा _e110032 |
||
| 300 |
_a312पृ. _c22सेमी (सजिल्द) _bसचित्र |
||
| 650 |
_91169 _aलघु कताएँ, हिन्दी |
||
| 650 |
_929580 _aShort Stories, Hindi |
||
| 700 | _924599 | ||
| 700 | _924924 | ||
| 942 |
_2ddc _cHN _mदूबेसा _hक |
||
| 999 |
_c54099 _d54099 |
||